000
00404nam a22001697a 4500
003
MPLRDC
005
20220104114457.0
008
210129b ||||| |||| 00| 0 eng d
082
_a
601.92 LZT
100
_a
李宗侗
245
_a
中国史学史
_c
250
_a
一版一刷
260
_a
_b
中国友谊出版公司
_c
1984
300
_b
平
650
_a
中国史学史
942
_c
BK
_o
601.92 LZT
999
_c
7781
_d
7771